| 000 | 00556nam a22001937a 4500 | ||
|---|---|---|---|
| 003 | KOHA_MİRAKIL | ||
| 005 | 20251224123426.0 | ||
| 008 | 251224b tu ||||| |||| 00| 0 tur d | ||
| 020 | _a9789759954710 | ||
| 040 |
_aTR-AnABB _btur _cTR-AnABB |
||
| 041 | _atur | ||
| 082 |
_a810.09 _bKAP 2021 |
||
| 100 | 1 | _aKaplan, Mehmet, | |
| 245 | 1 | 0 |
_aTürk edebiyatı üzerinde araştırmalar 3 / _cMehmet Kaplan |
| 260 |
_aİstanbul : _bDergah Yayınları, _c2021 |
||
| 300 |
_a203 sayfa ; _c24 cm |
||
| 650 | 0 | 4 | _aTürk edebiyatı, roman |
| 942 |
_2ddc _cBK |
||
| 999 |
_c9910 _d9910 |
||
| 900 | _bGizem YORULMAZ | ||